00802nam a2200277Ia 4500001000600000003000500006008004100011010001100052040000900063082001600072100006700088245009100155260003500246300001100281440000500292500000500297503000500302650005600307901001600363902000600379910000900385942000600394942000700400999001900407952009800426Z_891CHAP220113s1987 xx 000 0 und d a163966 cCHAP a636.085 I5y aInstitut National de la Recherche Agronomique. París9138014 aFeeding of non-ruminant livestock /cby Institut National de la Recherche Agronomique aLondon :bButterworths,c1987 a214 p. a a a aAlimentos y alimentación del ganado I. T.9137350 a636.085 I5y aA a1987 c1 cc1 c163966d163966 00102ddc40708GRALaZbZc3d2005-11-09pz_0822r2022-01-18 00:00:00t1w2022-01-18yLIBRO